<?xml version="1.0" encoding="UTF-8"?>
<record
    xmlns:xsi="http://www.w3.org/2001/XMLSchema-instance"
    xsi:schemaLocation="http://www.loc.gov/MARC21/slim http://www.loc.gov/standards/marcxml/schema/MARC21slim.xsd"
    xmlns="http://www.loc.gov/MARC21/slim">

  <leader>00715nam a22002177a 4500</leader>
  <controlfield tag="005">20150724143725.0</controlfield>
  <controlfield tag="008">140714b        xxu||||| |||| 00| 0 Urdu d</controlfield>
  <datafield tag="010" ind1=" " ind2=" ">
    <subfield code="a">UR-9228</subfield>
  </datafield>
  <datafield tag="020" ind1="q" ind2=" ">
    <subfield code="c">200.00</subfield>
  </datafield>
  <datafield tag="035" ind1=" " ind2=" ">
    <subfield code="a">U-7783</subfield>
  </datafield>
  <datafield tag="037" ind1=" " ind2=" ">
    <subfield code="b">DBAD/Pub.</subfield>
  </datafield>
  <datafield tag="040" ind1=" " ind2=" ">
    <subfield code="a">DPL</subfield>
    <subfield code="b">Urdu</subfield>
  </datafield>
  <datafield tag="082" ind1=" " ind2=" ">
    <subfield code="a">303.625</subfield>
  </datafield>
  <datafield tag="100" ind1=" " ind2=" ">
    <subfield code="a">&#x627; &#x64A;&#x633; &#x627; &#x64A;&#x645; &#x645;&#x634;&#x631; &#x641;</subfield>
  </datafield>
  <datafield tag="245" ind1=" " ind2=" ">
    <subfield code="a">&#x6A9;&#x631; &#x6A9;&#x631; &#x633; &#x6A9;&#x6D2; &#x642;&#x627; &#x62A;&#x644; &#x6A9;&#x648; &#x646;</subfield>
    <subfield code="c">&#x627; &#x64A;&#x633; &#x627; &#x64A;&#x645; &#x645;&#x634;&#x631; &#x641;</subfield>
  </datafield>
  <datafield tag="246" ind1=" " ind2=" ">
    <subfield code="a">Karkare ke Qatil Kaun</subfield>
    <subfield code="b">By S.M. Musharaf</subfield>
  </datafield>
  <datafield tag="260" ind1=" " ind2=" ">
    <subfield code="a">NewDelhi</subfield>
    <subfield code="c">2010</subfield>
    <subfield code="b">Pharos Media &amp; Publishing Pvt.Ltd.</subfield>
  </datafield>
  <datafield tag="270" ind1=" " ind2=" ">
    <subfield code="a">D-84Abul Fazal Enclave -1,Jamia Nagar,</subfield>
    <subfield code="b">New Delhi</subfield>
    <subfield code="e">110025</subfield>
    <subfield code="k">01126947483</subfield>
  </datafield>
  <datafield tag="300" ind1=" " ind2=" ">
    <subfield code="a">311&#x635;</subfield>
    <subfield code="c">22Cm (Hb)</subfield>
  </datafield>
  <datafield tag="942" ind1=" " ind2=" ">
    <subfield code="2">ddc</subfield>
    <subfield code="c">UR</subfield>
    <subfield code="e"> </subfield>
    <subfield code="h">303.625</subfield>
    <subfield code="m">&#x627; &#x64A; &#x633;</subfield>
  </datafield>
  <datafield tag="999" ind1=" " ind2=" ">
    <subfield code="c">95204</subfield>
    <subfield code="d">95204</subfield>
  </datafield>
  <datafield tag="952" ind1=" " ind2=" ">
    <subfield code="0">0</subfield>
    <subfield code="1">0</subfield>
    <subfield code="2">ddc</subfield>
    <subfield code="4">0</subfield>
    <subfield code="7">1</subfield>
    <subfield code="8">NFIC</subfield>
    <subfield code="a">DBAD</subfield>
    <subfield code="b">DBAD</subfield>
    <subfield code="d">2015-07-24</subfield>
    <subfield code="e">DBAD/Pub.</subfield>
    <subfield code="g">200.00</subfield>
    <subfield code="l">0</subfield>
    <subfield code="o">303.625 &#x627; &#x64A; &#x633;</subfield>
    <subfield code="p">U-7783</subfield>
    <subfield code="r">2015-07-24 00:00:00</subfield>
    <subfield code="t">1</subfield>
    <subfield code="v">200.00</subfield>
    <subfield code="w">2015-07-24</subfield>
    <subfield code="y">UR</subfield>
  </datafield>
</record>
